000 00320nam a22001337a 4500
008 181023b xxu||||| |||| 00| 0 eng d
020 _a9780877792369
041 _aeng
080 _23 ED
_a821
100 _a23
101 _aGJU
245 _aMerriam Webster Secretarial Handbook
_cStevens..M.A
942 _2udc
_cBK
999 _c50679
_d50679